[Event "Angers op 2nd"]
[Site "Angers"]
[Date "2007.04.14"]
[Round "4.31"]
[White "Pellerin, Thierry"]
[Black "Dirocco, Diego"]
[Result "0-1"]
[WhiteElo "1430"]
[BlackElo "1760"]
[PlyCount "70"]
[EventDate "2007.04.13"]
[EventType "swiss"]
[EventRounds "6"]
[EventCountry "FRA"]
[SourceTitle "CBM 117 Extra"]
[Source "ChessBase"]
[SourceDate "2007.05.09"]
[SourceVersion "1"]
[SourceVersionDate "2007.05.09"]
[SourceQuality "1"]

1. e4 c6 2. d4 d5 3. Nc3 dxe4 4. Nxe4 Bf5 5. Nc3 Nd7 6. Bd3 Bxd3 7. Qxd3 Qc7 8. Nge2 e6 9. Bf4 Qb6 10. b3 Ngf6 11. Ne4 Be7 12. Bd6 Nxe4 13. Bxe7 Nxf2 14. Kxf2 Kxe7 15. Qe3 Nf6 16. Qg5 h6 17. Qc1 Rhd8 18. Rd1 Rac8 19. Qa3+ Ke8 20. Kg1 a6 21. Rd3 Rd7 22. Rf1 Rcd8 23. c3 Qc7 24. h3 c5 25. Nf4 cxd4 26. Nxe6 fxe6 27. c4 Qd6 28. Qc1 e5 29. Rf5 e4 30. c5 Qe6 31. Rf1 Kf8 32. Rdd1 Kg8 33. Rf2 d3 34. Rf4 e3 35. Rdf1 d2 0-1